Official Ensembles of the Orang Besar Empat : Tunku Panglima Besar Kedah Dato' Seri Diraja Tan Sri Tunku Puteri Intan Safinaz

Bibliographic Details
Main Author: Haziyah Hussin
Other Authors: Title
Format: Book
Published: Selangor : Universiti Kebangsaan Malaysia , 2014
Subjects:

MARC

LEADER 00000cam a2200000 7i4500
001 0000088026
005 20230125144348.0
008 220320
020 |a 9789674122126 
041 0 |a English 
090 0 0 |a 391.009595   |b HAZ 
100 0 |a Haziyah Hussin 
245 1 0 |a Official Ensembles of the Orang Besar Empat :   |b Tunku Panglima Besar Kedah Dato' Seri Diraja Tan Sri Tunku Puteri Intan Safinaz   |c Haziyah Hussin 
260 |a Selangor :   |b Universiti Kebangsaan Malaysia ,   |c 2014 
300 |a 82 p. :   |b ill., col. ;   |c 20.1 cm. 
541 |c Purchased on 2021   |f E210247 EKM   |h RM100.00 
650 0 |a Clothing and dress 
650 0 |a Clothing and dress   |z Malaysia 
650 0 |a Ethnic costume   |z Malaysia 
700 0 |a Title 
999 |a 0001676996   |b Book   |c Adult Collection   |e Perbadanan Perpustakaan Awam Johor